|
|
|
|
| LEADER |
00000nab a2200000uu 4500 |
| 001 |
vtls010897939 |
| 003 |
SK-MaSNL |
| 005 |
20260303110331.0 |
| 008 |
230121|1959 xo |||||||||||||||||slo| |
| 015 |
|
|
|a SNBRB
|
| 035 |
|
|
|a (urnnbn)urn:nbn:sk:snk:ar-006nrj
|
| 035 |
|
|
|a (uuid)587044a8-01bd-4f8c-aab9-feb7e1f2015e
|
| 035 |
|
|
|a urn:nbn:sk:snk-ab8q8x
|
| 040 |
|
|
|a SNKBUCL
|b slo
|c SNKBUCL
|e AACR2
|
| 041 |
0 |
|
|a slo
|
| 044 |
|
|
|a xo
|c SK
|
| 100 |
1 |
|
|a Kotzig, Anton,
|d 1919-1991
|4 aut
|9 200206
|
| 245 |
1 |
0 |
|a Z TEÓRIE KONEČNÝCH GRAFOV S LINEÁRNYM FAKTOROM I
|c Anton Kotzig
|
| 773 |
0 |
|
|t Matematicko-fyzikálny časopis
|g Roč. 9, č. 2 (1959), s. 73-91
|
| 954 |
|
|
|a odborná, vedecká literatúra pôvodná (slovenská)
|2 lita
|
| 958 |
|
|
|a OND
|
| 958 |
|
|
|a EUIPO
|
| 958 |
|
|
|a article10
|
| 999 |
|
|
|c 1869585
|d 1871515
|